| 000 | 00434nam a22001577a 4500 | ||
|---|---|---|---|
| 005 | 20251108173137.0 | ||
| 008 | 250721s2002 xx 000 0 ara d | ||
| 082 | 1 | 4 | _aط/590947/فلي |
| 100 | 1 | _aفلينت، ف | |
| 245 | 1 | 0 | _aالحيوانات الروسية / |
| 264 | 1 |
_aدمشق : _bدار الغد الإنساني، _c2002. |
|
| 650 | 1 | 7 | _aالحيوانات |
| 650 | 1 | 7 | _aروسيا |
| 942 |
_2ddc _cBK |
||
| 999 |
_c97057 _d97057 |
||